Полное собрание сочинений. Т. 1: Подвиги бригадира Жерара (Запись № 5782245)

Подробности
000 -МАРКЕР
контрольное поле 00984nam2a22002291 4500
001 - ИДЕНТИФИКАТОР ЗАПИСИ
контрольное поле v19\rc\1850866
005 - ИДЕНТИФИКАТОР ВЕРСИИ
контрольное поле 20250619150144.0
035 ## - ДРУГИЕ СИСТЕМНЫЕ НОМЕРА
Идентификатор записи (NLR Aleph) 004941116
100 ## - ДАННЫЕ ОБЩЕЙ ОБРАБОТКИ
Данные общей обработки 20080221f18261917|||y0rusy50 ca
101 1# - ЯЗЫК РЕСУРСА
Язык текста, звукозаписи и т.д. русский
Язык оригинала английский
102 ## - СТРАНА ПУБЛИКАЦИИ ИЛИ ПРОИЗВОДСТВА
Страна публикации Российская Федерация
105 ## - ПОЛЕ КОДИРОВАННЫХ ДАННЫХ: ТЕКСТОВЫЕ МАТЕРИАЛЫ, МОНОГРАФИЧЕСКИЕ
Кодированные данные о монографическом текстовом документе y z |||||
200 1# - ЗАГЛАВИЕ И СВЕДЕНИЯ ОБ ОТВЕТСТВЕННОСТИ
Основное заглавие Подвиги бригадира Жерара
Первые сведения об ответственности Пер. Н.Д. Облеухова
316 ## - ПРИМЕЧАНИЯ ОБ ОСОБЕННОСТЯХ ЭКЗЕМПЛЯРА
Текст примечания Экземпляр РНБ (38.78.8.33): утрачен
Организация и экземпляр, к которому относится поле NLR: 38.78.8.33
461 #0 - УРОВЕНЬ НАБОРА
Встроенное поле 001v19\rc\1850865
-- 2001#$aПолное собрание сочинений$eТ. 1-5$vТ. 1
-- 700#1$aДойль$bА.К.$f1859-1930$gАртур Конан
Системный номер (АБИС) связанной записи 5782240
Автор Дойл, А. К. (1859-1930)
Место публикации Санкт-Петербург
Имя издателя, распространителя и т.д. П.П. Сойкина
Сведения, относящиеся к заглавию Т. 1-5
Заглавие Полное собрание сочинений
Номер тома Т. 1
702 #1 - ИМЯ ЛИЦА - ВТОРИЧНАЯ ОТВЕТСТВЕННОСТЬ
Начальный элемент ввода Облеухов
Часть имени, кроме начального элемента ввода Н.Д.
Код отношения Переводчик
801 #0 - ИСТОЧНИК ЗАПИСИ
Страна Российская Федерация
Организация NLR
Правила каталогизации psbo
801 #1 - ИСТОЧНИК ЗАПИСИ
Страна Российская Федерация
Организация ProSoft-M
Источник данных rusmarc
852 ## - МЕСТОНАХОЖДЕНИЕ И ШИФР ХРАНЕНИЯ
Идентификатор организации NLR
Шифр хранения (Call Number) 38.78.8.33
942 ## - ДОПОЛНИТЕЛЬНЫЕ ЭЛЕМЕНТЫ ЗАПИСИ (АБИС)
Тип экземпляра АБИС Книга
980 ## - КОЛЛЕКЦИЯ
Название коллекции Национальная библиография
Экземпляры
Тип экземпляра Дата поступления Библиотека постоянного хранения Библиотека текущего хранения Место хранения Шифр хранения Штрих-код Статус экземпляра
Книга 26.10.2013 РНБ (Садовая) РНБ (Садовая) Русский книжный фонд -Главное здание, Ленинский читальный зал 38.78.8.33 4941116-10